000 00859nam a2200253Ia 4500
003 OSt
005 20221005112530.0
006 a|||||r|||| 00| 0
007 ta
008 221004b |||||||| |||| 00| 0 pan d
020 _a9789050681114 (hbk)
_c175
024 _a12392
037 _b832, 15/03/2014, H.K. Prakashan
_cTextual
040 _aCRL
_cCRL
_bpan
041 _2pan
_apan
082 _aO153,1NBRx, Q2
100 _aਬਰਾੜ, ਗੁੰਨੁੰ ਗੋਪਾਲ
245 0 _aਦਿਨਾਂ ਦਾ ਅੰਤ
260 _aਚੰਡੀਗੜ
_bਲੋਕਗੀਤ ਭਾਰਤ
_c2012
300 _a136ਪੰ
_ccm.
650 _aਪੰਜਾਬੀ ਸਾਹਿਤ
942 _hO153,1NBRx, Q2
_cTEXL
_2cc
999 _c1025182
_d1025182